00569 a2200181 450000100060000002000150000604000220002110000180004324000210006124500160008230000070009836200090010565000230011494200070013795201130014495201130025799900170037056945 a8532519911 cAnchieta - Pituba aNunes, Soraya10aCasa da lualpor10aCasa da lua a950 a2006 4aLiteratura juvenil cBK 00104070a91.1b91.1d2023-11-21l0oLJ 028.5 N972c NUN CASp6705/PITr2023-11-21 18:24:32w2023-11-21yBK 00104070a91.1b91.1d2023-11-21l0oLJ 028.5 N972c NUN CASp6706/PITr2023-11-21 18:24:32w2023-11-21yBK c56945d56945